000 00323nam a2200133 a 4500
005 20140414131924.0
008 101026s19uu xx 00 eng d
050 _aER
_bT41 1997
100 _aKeay, Kenneth
245 _aThree billy goats gruff.
260 _bAnker International,
_c1997.
440 _a
999 _c111924
_d111924